| 000 | 00851nas a2200241 i 4500 | ||
|---|---|---|---|
| 001 | 188049 | ||
| 003 | ES-MaACL | ||
| 005 | 20250217134927.0 | ||
| 008 | 180420d19681978sp a| | ||pa d | ||
| 022 | _a0586-8513 | ||
| 110 | 0 |
_aEspaña. _bDirección General de Instituciones Penitenciarias. _93744 |
|
| 245 | 1 | 0 |
_aMemoria / _cDirección General de Instituciones Penitenciarias. |
| 260 |
_aMadrid : _bDirección General de Instituciones Penitenciarias, _c1968-1978. |
||
| 300 |
_a3 v. ; _c26 cm. |
||
| 310 | _aAnual | ||
| 362 | 0 | _a1968-[1978?] | |
| 610 | 2 | 4 |
_aEspaña. _bDirección General de Instituciones Penitenciarias- _vMemorias. _9164663 |
| 852 |
_aES-MaACL _jC-55150 _z.- Año 1972 |
||
| 852 |
_aES-MaACL _jE-6245 _z.- Año 1973 |
||
| 852 |
_aES-MaACL _jA-7077 _z.- Año 1977 |
||
| 866 | 0 | _o1972-1973, 1977 | |
| 999 |
_c188049 _d188049 |
||